000 00466nam a2200157 i 4500
001 142301
003 ES-MaACL
005 20230906200505.0
007 t|
008 071004s1964 sp ||||1| cat d
100 1 _aVila, Marc-Aureli.
_9114697
245 1 0 _aEdicions d'aportació catalana
_b: l'home nacional /
_cMarc-Aureli Vila.
260 _aBarcelona :
_b[Mediterrania],
_c1964.
300 _a21 p. :
_bil. ;
_c22 cm.
852 _aES-MaACL
_j2052-F-3
_bR.57935
999 _c142301
_d142301